Gerontology: perspectives and issues (Record no. 31529)

MARC details
000 -LEADER
fixed length control field 00666nam a2200181 a 4500
008 - FIXED-LENGTH DATA ELEMENTS--GENERAL INFORMATION
fixed length control field 110913s1990 ||||||||||||||||| || u
020 ## - INTERNATIONAL STANDARD BOOK NUMBER
International Standard Book Number 0826166601
050 ## - LIBRARY OF CONGRESS CALL NUMBER
Classification number HQ 1064 Ger
100 ## - MAIN ENTRY--PERSONAL NAME
Personal name Ferraro, Kenneth F
245 10 - TITLE STATEMENT
Title Gerontology: perspectives and issues
Statement of responsibility, etc. [edited by] Kenneth F. Ferraro
260 ## - PUBLICATION, DISTRIBUTION, ETC.
Place of publication, distribution, etc. New York
Name of publisher, distributor, etc. Springer
Date of publication, distribution, etc. 1990
300 ## - PHYSICAL DESCRIPTION
Extent xvii, 381p.: ill.
350 ## -
-- 0.00
650 ## - SUBJECT ADDED ENTRY--TOPICAL TERM
Topical term or geographic name entry element AGED
650 ## - SUBJECT ADDED ENTRY--TOPICAL TERM
Topical term or geographic name entry element GERIATRICS
650 ## - SUBJECT ADDED ENTRY--TOPICAL TERM
Topical term or geographic name entry element GERONTOLOGY--UNITED STATES
995 ## -
-- MEDICAL LIBRARY OPEN ACCESS
-- 0.00
-- 900577
-- CBU-SCHOOL OF MEDICINE LIBRARY (Ndola)
-- 1
-- 0.00
-- HQ 1064 GER
-- 1
-- AVAILABLE
-- Oct 17, 2011
-- 900577
-- Medical Library Open Access Collection
999 ## -
-- 31529
-- 31529
Holdings
Withdrawn status Lost status Source of classification or shelving scheme Damaged status Not for loan Permanent Location Current Location Shelving location Date acquired Total Checkouts Full call number Barcode Date last seen Price effective from Koha item type
          CBU-SCHOOL OF MEDICINE LIBRARY, NDOLA. CBU-SCHOOL OF MEDICINE LIBRARY, NDOLA.   11/30/2022   HQ 1064 Ger 900577 11/30/2022 11/30/2022 MONOGRAPH